| 000 | 01218nam a2200349 i 4500 | ||
|---|---|---|---|
| 001 | 15706292 | ||
| 003 | EG-ScBUE | ||
| 005 | 20230514095730.0 | ||
| 008 | 200902s2021 enka f b 001 0 eng d | ||
| 020 | _a9780714111957 | ||
| 035 | _a(NhCcYBP)om663757181 | ||
| 035 | _a15706292 | ||
| 040 |
_aNhCcYBP _beng _erda _cNhCcYBP _dEG-ScBUE |
||
| 082 |
_222 _a709.56074421 _bPOR |
||
| 100 | 1 |
_aPorter, Venetia, _eauthor. |
|
| 245 | 1 | 0 |
_aReflections : _bcontemporary art of the Middle East and North Africa / _cVenetia Porter ; with Natasha Morris and Charles Tripp. |
| 264 | 1 |
_aLondon : _bThe British Museum Press, _c2021. |
|
| 300 |
_a256 pages : _billustrations (black and white and color) ; _c27 cm |
||
| 336 |
_atext _2rdacontent _btxt |
||
| 336 |
_astill image _2rdacontent _btxt |
||
| 337 |
_aunmediated _2rdamedia _bn |
||
| 338 |
_avolume _2rdacarrier _bnc |
||
| 504 | _aIncludes bibliographical references and index. | ||
| 610 | 2 | 7 |
_aBritish Museum _vExhibitions. _2BUEsh |
| 650 | 7 |
_aArt, North African. _2BUEsh |
|
| 650 | 7 |
_aArt, Middle Eastern. _2BUEsh |
|
| 653 |
_bART _cMay2023 |
||
| 655 | _vReading book | ||
| 700 | 1 |
_aMorris, Natasha, _eauthor. |
|
| 700 | 1 |
_aTripp, Charles, _eauthor. |
|
| 942 |
_2ddc _cBB |
||
| 999 |
_c30352 _d30323 |
||